| 000 | 00000nam##2200000za#4500 |
| 001 | 9.588091 |
| 003 | CaOODSP |
| 005 | 20210624194943 |
| 007 | cr ||||||||||| |
| 008 | 150406|2000||||xxc|||||o f|0| 0 eng|d |
| 040 | |aCaOODSP|beng |
| 041 | |aeng |
| 041 | |afre |
| 043 | |an-cn--- |
| 086 | 1 |aNH14-1/0394-PDF |
| 110 | 2 |aCanada Mortgage and Housing Corporation. |
| 245 | 12|aA project to promote implementation of the national building code and a standardized building permit in Prince Edward Island / |h[electronic resource]|cwritten by Word-Works Communications Services. |
| 260 | |aOttawa - Ontario : |bCanada Mortgage and Housing Corporation |
| 300 | |a26p.|bfig., photographs |
| 490 | 1 |aAffordability and Choice Today (ACT) regulatory reform project|vFebruary 2000 |
| 590 | |a12-31-Supp|b2012-07-06 |
| 776 | 0#|tProjet visant à promouvoir l'adoption du code national du bâtiment et d'une formule uniformisée de demande de permis de construire à l'Ile-du-Prince-Édouard / |w(CaOODSP)9.534747 |
| 792 | |tProjet visant à promouvoir l'adoption du code nationa du bâtiment et d'une formule uniformisée de demande de permis de construire à l'Île-du-Prince-Édouard / |efre|w(CaOODSP)9.588092 |
| 830 | #0|aAffordability and Choice Today (ACT) regulatory reform project ;|vFebruary 2000|w(CaOODSP)9.500613 |
| 856 | 40|ahttp://publications.gc.ca|qPDF|s1.15 MB|uhttps://publications.gc.ca/collections/Collection/NH14-1-0394.pdf|yFebruary 2000 |